Statistics for DC Comics - Top 20 most famous Superheroes

Click here to take the quiz!

General Stats

  • This quiz has been taken 761 times
  • The average score is 16 of 20

Answer Stats

# Hint Superhero % Correct
01.The caped crusaderBatman
100%
04.Man of SteelSuperman
99%
07.The fastest man aliveFlash
99%
02.Sidekick of the above^Robin
99%
10.Lives underwater with the fishAquaman
98%
06.Amazon warrior with shieldWonderwoman
97%
12.Skilled with green bowsGreen Arrow
96%
09.He is half robotCyborg
95%
03.Female counterpart of the above^Batgirl
92%
05.Cousin of the above^Supergirl
91%
08.In darkest day, in brightest light...Green Lantern
89%
11.Green and powerful martianMartian Manhunter
84%
15.Winged egyptian female warriorHawkgirl
79%
16.Male counterpart of the above^Hawkman
78%
13.Female partner of the above^Black Canary
64%
19.Daughter of the demon TrigonRaven
62%
14.Can change size and flyThe Atom
60%
18Say the magic word: ......Shazam
55%
17.Exorcist and occult detectiveConstantine
41%
20.Time master and "Legends"-leaderRip Hunter
35%

Score Distribution

Percentile by Number Answered

Percent of People with Each Score

Your Score History

You have not taken this quiz